Score 0/35 Timer 04:00
20 Plays Today
Characters % Correct
Harry Potter
99.6%
Ron Weasley
99.1%
Hermione Granger
98.4%
Albus Dumbledore
93.8%
Severus Snape
93.2%
Fred Weasley
90.2%
George Weasley
90.1%
Rubeus Hagrid
90.1%
Minerva McGonagall
88.8%
Ginny Weasley
87.8%
Draco Malfoy
85.1%
Molly Weasley
81.5%
Neville Longbottom
79.7%
Filius Flitwick
71.6%
Seamus Finnigan
70.2%
Dudley Dursley
69.8%
Vernon Dursley
68.2%
Petunia Dursley
68%
Characters % Correct
Gregory Goyle
67.7%
Dean Thomas
67.1%
Vincent Crabbe
67%
Percy Weasley
66.9%
Pomona Sprout
62.7%
Hedwig
60.9%
Parvati Patil
48%
Argus Filch
47.5%
Lavender Brown
44.6%
Nicholas de Mimsy-Porpington
44%
Peter Pettigrew
40.1%
Poppy Pomfrey
40%
Peeves
35.5%
Fang
35.1%
Pansy Parkinson
32.3%
Mrs. Norris
31.5%
Katie Bell
30.6%
Remove Ads.
Support Sporcle.
Get the best of Sporcle when you Go Orange. This ad-free experience offers more features, more stats, and more fun while also helping to support Sporcle. Thank you for becoming a member.

You're not logged in!

Compare scores with friends on all Sporcle quizzes.
OR
Log In

Show Comments

Extras

Top Quizzes Today


Score Distribution

Your Account Isn't Verified!

In order to create a playlist on Sporcle, you need to verify the email address you used during registration. Go to your Sporcle Settings to finish the process.

Report this User

Report this user for behavior that violates our Community Guidelines.

Details: